00835nam a2200301Ia 4500008004000000020001500040041000800055082001700063100002100080245006700101260004300168300001400211440000700225650000900232650000800241650001000249650000700259650001400266650001100280650000700291650001800298650001100316650000800327690001800335906001100353999001900364952015000383210210b2009 xxu||||| |||| 00| 0 eng d a8121209870 aeng a915.403 SESE aSESHAGIRI (N) Ed aEncyclopaedia of cities and towns in India: Vol XVII Karnataka aNew DelhibGyan publishing housec2009 aviii--696 a17 aXVII aVol atowns aof aKarnataka aIndia: ain aEncyclopaedia acities aand aEncyclopaedia a063390 c136099d136099 001040738GeneralaALbALcRSd2021-02-17eWest Coast Paper & Stationersg1834.00l0o915.403 SESEp063390r2021-02-17 00:00:00w2021-02-17yBK